000 01093nmm a2200313 a 4500
001 ocm0001916728
003 TR-IsHL
005 20201028174016.0
008 180921s2018 tu tur
007 cr cn
020 _a9786055095918
035 _a1916728
_b(N$T)
050 0 4 _aBP189.36
_b.S245 2018
090 0 4 _aBP189.36
_b.S245 2018
100 1 _aSağlam, Ahmet Rıfat
245 1 0 _aKur'an'da kader ve insan psikolojisine etkileri
_h[electronic resource] /
_cAhmet Rıfat Sağlam ; editör Selsebil Çetinkaya
250 _a1. Baskı
260 _aİstanbul :
_bAhir Zaman Yayınları,
_c2018
300 _a158 p.
650 4 _aFelsefe, Psikoloji ve Din
650 4 _aPhilosophy, Psychology and Religion
650 0 _aTasavvuf
650 0 _aSufism
650 0 _aFate and fatalism
_x Religious aspects
_x Islam.
650 0 _aKader ve kadercilik
_x Dinsel yönler
_x İslam.
650 7 _aRELIGION / Islam / Sufi
_2bisacsh
700 1 _aÇetinkaya, Selsebil
856 4 0 _uhttp://search.ebscohost.com/login.aspx?direct=true&scope=site&db=e011xww&AN=1916728
999 _c17977
_d17977